000 01287nam a2200241Ia 4500
003 Ost
005 20260507075052.0
008 260507s9999||||xx |||||||||||||| ||und||
040 _cfsecg
041 _aara
082 _a343.03
100 _aبوريشة، منير
_eمؤلف
245 0 _aالمسؤولية الجنائية :
_bللوسطاء الماليين في عمليات البورصة /
_c منير بوريشة
260 _aالاسكندرية:
_bدار الجامعة الجديدة للنشر,
_c2002
300 _a242 صفحة؛
_c24 سم
490 _aالمكتبة القانونية
504 _aالمراجع ص.232
520 _aالأفعال الماسة بالقواعد العلمية لسوق رأس المال: الجرائم الماسة بعمليات التداول وادارة القيم المنقولة والتوظيف غير القانوني للأموال، الجرائم الماسة بشفافية سوق رأس المال: الجرائم المتعلقة بالتعامل مع المعلومة، جرائم العالمين بتواطئ الأمور، الجرائم المتعلقة بسلوك الوسيط
653 _aالقانون
653 _aجرائم الأموال
653 _aرأس المال
942 _cكتاب
999 _c42677
_d42677